Cavitation in bonded natural rubber cylinders repeatedly loaded in tension (Record no. 55237)
[ view plain ]
| 000 -LEADER | |
|---|---|
| fixed length control field | 00912nam a2200169Ia 4500 |
| 100 ## - MAIN ENTRY--AUTHOR NAME | |
| Personal name | Pond T J |
| 245 #0 - TITLE STATEMENT | |
| Title | Cavitation in bonded natural rubber cylinders repeatedly loaded in tension |
| 260 ## - PUBLICATION, DISTRIBUTION, ETC. (IMPRINT) | |
| Name of publisher | Journal of Natural Rubber Research |
| Year of publication | 1995 |
| 300 ## - PHYSICAL DESCRIPTION | |
| Number of Pages | 14-25 |
| 520 ## - SUMMARY, ETC. | |
| Summary, etc | This investigation describes cavitation behaviour in bonded rubber cylinders subjected to different loading schedules in tension. Three natural rubber vulcanisates have been studied. The effect of carbon black on cavitation behaviour is examined. It is shown that repeated cycling can alter the cavitation failure stress when compared to that of a single cycle. Some practical consequences of this finding are discussed with the mechanism of cavitation. |
| 650 ## - SUBJECT ADDED ENTRY--TOPICAL TERM | |
| Topical Term | Bonded Rubber Cylinders |
| 650 ## - SUBJECT ADDED ENTRY--TOPICAL TERM | |
| Topical Term | Carbon black |
| 650 ## - SUBJECT ADDED ENTRY--TOPICAL TERM | |
| Topical Term | Cavitation |
| 650 ## - SUBJECT ADDED ENTRY--TOPICAL TERM | |
| Topical Term | Cycling |
| 942 ## - ADDED ENTRY ELEMENTS (KOHA) | |
| Koha item type | Journals |
| Withdrawn status | Lost status | Damaged status | Not for loan | Home library | Current library | Shelving location | Date acquired | Serial Enumeration / chronology | Koha item type |
|---|---|---|---|---|---|---|---|---|---|
| Journals | RRII Library | RRII Library | Rubber chemistry | 17/12/2021 | Volume 10, Issue 1 | Journals |